000 00700nam a2200265 a 4500
001 000108013
003 CHAP
005 20220329143953.0
008 131127s2009 mx a |r| |||0|||spa d
010 _a104475
011 _a105447
020 _a9786077686859
040 _cCHAP
082 0 4 _a371.30281
_bC14
100 1 _aCalero Pérez, Mavilo
_9124779
245 1 0 _aTécnicas de estudio /
_cpor Mavilo Calero Pérez.
260 _aMexico :
_bAlfaomega,
_c2009.
300 _a119 p. :
_bil.
590 _aE11695DGD
_b10
_c20131202
_lUCH01
_h0917
590 _aE5652GLJ
_b05
_c20131127
_lUCH01
_h1355
650 1 4 _aMétodos de estudio.
_976629
901 _aBK
942 _cLIBRO
942 _n0
999 _c104475
_d104475